LEADER 02077oam 2200613 450 001 9910713441003321 005 20200505080834.0 035 $a(CKB)5470000002501245 035 $a(OCoLC)966434589 035 $a(OCoLC)995470000002501245 035 $a(EXLCZ)995470000002501245 100 $a20161219d1986 ua 0 101 0 $aeng 135 $aurbn||||||||| 181 $ctxt$2rdacontent 182 $cc$2rdamedia 183 $acr$2rdacarrier 200 10$aOccurrence and availability of ground water in the Athens region, northeastern Georgia /$fby Dean B. Radtke [and five others] 210 1$aDoraville, Georgia :$cU.S. Geological Survey,$d1986. 215 $a1 online resource (v, 79 pages) $cillustrations, maps 225 1 $aWater-resources investigations report ;$v86-4075 300 $a"Prepared in cooperation with the U.S. Army Corps of Engineers." 320 $aIncludes bibliographical references (pages 44-53). 606 $aGroundwater$zGeorgia$zAthens Region 606 $aWater-supply$zGeorgia$zAthens Region 606 $aWater quality$zGeorgia$zAthens Region 606 $aGroundwater$2fast 606 $aGroundwater$xComposition$2fast 606 $aGroundwater$xQuality$2fast 606 $aWater chemistry$2fast 606 $aWater$xComposition$2fast 606 $aWater quality$2fast 615 0$aGroundwater 615 0$aWater-supply 615 0$aWater quality 615 7$aGroundwater. 615 7$aGroundwater$xComposition. 615 7$aGroundwater$xQuality. 615 7$aWater chemistry. 615 7$aWater$xComposition. 615 7$aWater quality. 700 $aRadtke$b Dean B.$01397853 712 02$aGeological Survey (U.S.), 712 02$aUnited States.$bArmy.$bCorps of Engineers. 801 0$bCOP 801 1$bCOP 801 2$bOCLCO 801 2$bOCLCF 801 2$bOCLCA 801 2$bGPO 906 $aBOOK 912 $a9910713441003321 996 $aOccurrence and availability of ground water in the Athens region, northeastern Georgia$93460054 997 $aUNINA